Ah, music! / (Record no. 812)

MARC details
000 -LEADER
fixed length control field 00912nam a22002897a 4500
005 - DATE AND TIME OF LATEST TRANSACTION
control field 20230710134606.0
020 ## - INTERNATIONAL STANDARD BOOK NUMBER
International Standard Book Number 0060287195
020 ## - INTERNATIONAL STANDARD BOOK NUMBER
International Standard Book Number 0060287276 (lib. bdg.)
040 ## - CATALOGING SOURCE
Original cataloging agency DLC
Transcribing agency DLC
Modifying agency DLC
Language of cataloging eng
050 00 - LIBRARY OF CONGRESS CALL NUMBER
Classification number ML3928
Item number .A45 2003
082 00 - DEWEY DECIMAL CLASSIFICATION NUMBER
Classification number 780
Edition number 21
100 0# - MAIN ENTRY--PERSONAL NAME
Personal name Aliki.
245 10 - TITLE STATEMENT
Title Ah, music! /
Statement of responsibility, etc. written and illustrated by Aliki.
250 ## - EDITION STATEMENT
Edition statement 1st ed.
260 ## - PUBLICATION, DISTRIBUTION, ETC.
Place of publication, distribution, etc. New York :
Name of publisher, distributor, etc. Scholastic,
Date of publication, distribution, etc. 2003.
300 ## - PHYSICAL DESCRIPTION
Extent 47 pages :
Other physical details color illustrations ;
Dimensions 28 cm.
505 ## - FORMATTED CONTENTS NOTE
Formatted contents note Z <br/>
520 ## - SUMMARY, ETC.
Summary, etc. Surveys the history and components of music, concentrating on Western musical traditions.
521 ## - TARGET AUDIENCE NOTE
Target audience note 910 <br/>
Source Lexile
521 ## - TARGET AUDIENCE NOTE
Target audience note Z
Source Raz-Plus <br/>
650 #0 - SUBJECT ADDED ENTRY--TOPICAL TERM
Topical term or geographic name entry element Music
General subdivision History and criticism
Form subdivision Juvenile literature.
650 #1 - SUBJECT ADDED ENTRY--TOPICAL TERM
Topical term or geographic name entry element Music
General subdivision History and criticism.
906 ## - LOCAL DATA ELEMENT F, LDF (RLIN)
a 7
b cbc
c orignew
d 1
e ocip
f 20
g y-gencatlg
942 ## - ADDED ENTRY ELEMENTS (KOHA)
Source of classification or shelving scheme Dewey Decimal Classification
Koha item type Books
Suppress in OPAC No
999 ## -
-- 812
-- 812
Holdings
Withdrawn status Lost status Source of classification or shelving scheme Damaged status Not for loan Collection Home library Current library Shelving location Date acquired Total Checkouts Full call number Barcode Date last seen Date last checked out Price effective from Koha item type
    Dewey Decimal Classification     Non-Fiction Footprints International School Library Network Toul Kork Campus Footprints International School Library Network Toul Kork Campus A TK Campus, 4th Floor, Room B401, Non-Fiction Bookcases(7-8) 07/10/2023 1 ALI 780 ML3928.A45 FISTK01843 01/12/2024 08/09/2023 07/10/2023 Books